00509nam a22001817a 4500999001900000005001700019010001500036020002600051035001400077037001300091082001300104100002400117245006400141260003500205270004300240300001700283942002700300 c196643d19664320230719153438.0 aENG-137473 c250.00a9788184303643 aEN-121005 bDBAD/PUB a920.9024 aMishra, Vinod Kumar aThe Life and Time of LEONARDO DA VINCIcVinod Kumar Mishra  aNew DelhibOCEAN BOOKS Pvt Ltd a4/19 ASAF ALI ROAD bNew Delhie110002 a142p.c23cm, 2ddccENmMISh920.9024